000 00321nam a22001457a 4500
008 221114b ||||| |||| 00| 0 eng d
020 _a9780300053128
041 _aeng
080 _a72
082 _a72 ROS
100 _a19.1
101 _aART
245 _aDUTCH ART AND ARCHITECTURE
_cROSENBERG J
942 _2udc
_cBK
999 _c58881
_d58881